Operations management / (Record no. 343157)
[ view plain ]
| 000 -LEADER | |
|---|---|
| fixed length control field | 01396 a2200229 4500 |
| 020 ## - INTERNATIONAL STANDARD BOOK NUMBER | |
| International Standard Book Number | 0256082405 |
| 020 ## - INTERNATIONAL STANDARD BOOK NUMBER | |
| International Standard Book Number | 9780256082401 |
| 090 ## - LOCALLY ASSIGNED LC-TYPE CALL NUMBER (OCLC); LOCAL CALL NUMBER (RLIN) | |
| -- | 604 |
| -- | 604 |
| 100 1# - MAIN ENTRY--PERSONAL NAME | |
| Personal name | Schonberger, Richard J. |
| 245 10 - TITLE STATEMENT | |
| Title | Operations management / |
| Statement of responsibility, etc. | Richard J. Schonberger. |
| 250 ## - EDITION STATEMENT | |
| Edition statement | 4th ed. |
| 260 ## - PUBLICATION, DISTRIBUTION, ETC. | |
| Place of publication, distribution, etc. | [S.l.] : |
| Name of publisher, distributor, etc. | Irwin, |
| Date of publication, distribution, etc. | 1991. |
| 300 ## - PHYSICAL DESCRIPTION | |
| Extent | 960 p. ; |
| Dimensions | 24 cm. |
| 500 ## - GENERAL NOTE | |
| General note | Hardcover. |
| 520 ## - SUMMARY, ETC. | |
| Summary, etc. | This text provides a survey of the most innovative techniques and methods for managing operations in services and manufacturing. It presents all concepts with a real-world perspective based on the extensive global consulting work of the lead author, Dick Schonberger. This text is unique due to its customer-focused approach. Using the authors 15 principles as a framework for organizing the text This text stresses teamwork, quality, and customer service in both manufacturing and services, as well as traditional topics such as product and service design, purchasing, inventory, location and layout, and scheduling are also included. Quantitative coverage is de-emphasized. |
| 650 #4 - SUBJECT ADDED ENTRY--TOPICAL TERM | |
| Topical term or geographic name entry element | Business / Economics / Finance. |
| 650 #4 - SUBJECT ADDED ENTRY--TOPICAL TERM | |
| Topical term or geographic name entry element | Management. |
| 700 1# - ADDED ENTRY--PERSONAL NAME | |
| Personal name | Knod, Edward M. |
| 856 40 - ELECTRONIC LOCATION AND ACCESS | |
| Materials specified | Amazon.com |
| Uniform Resource Identifier | <a href="http://www.amazon.com/exec/obidos/ASIN/0256082405/chopaconline-20">http://www.amazon.com/exec/obidos/ASIN/0256082405/chopaconline-20</a> |
| 856 40 - ELECTRONIC LOCATION AND ACCESS | |
| Materials specified | Amazon customer reviews |
| Uniform Resource Identifier | <a href="http://www.chopac.org/cgi-bin/tools/azrev.pl?q=0256082405">http://www.chopac.org/cgi-bin/tools/azrev.pl?q=0256082405</a> |
| 942 ## - ADDED ENTRY ELEMENTS (KOHA) | |
| Institution code [OBSOLETE] | NBS |
| Koha item type | Book |
| Call number prefix | 658.5 SCH |
| Withdrawn status | Lost status | Damaged status | Not for loan | Permanent Location | Current Location | Date acquired | Total Checkouts | Full call number | Barcode | Date last seen | Date last checked out | Price effective from | Koha item type |
|---|---|---|---|---|---|---|---|---|---|---|---|---|---|
| Central Library (CL) | Central Library (CL) | 08/28/2013 | 1 | 658.5 SCH | NBS3486 | 01/07/2014 | 01/06/2014 | 08/28/2013 | Book |
